000 00348nam a2200133Ia 4500
005 20260326235449.0
008 260326s9999||||xx |||||||||||||| ||und||
100 _aGirouard, Mark
245 4 _aThe Victorian country House /
_cMark Girouard
260 _bYale University Press
300 _a467 p.
650 _aARQUITECTURA RESIDENCIAL
942 _cBK
999 _c7679
_d7679